Vẽ và thiết kế mạch in bằng eagle Thiết kế mạch điện tử _ eda với sự trợ giúp của máy tính
v.v...
Đã lưu trong:
| Tác giả chính: | |
|---|---|
| Định dạng: | Sách |
| Năm xuất bản: |
H.
Thống kê
2002
|
| Chủ đề: | |
| Tags: |
Thêm thẻ
Không có thẻ, Hãy là người đầu tiên gắn thẻ bản ghi này!
|
| LEADER | 00657nam a2200169 4500 | ||
|---|---|---|---|
| 082 | |a 621.38132 |b PH104 QU | ||
| 100 | |a Phạm Quang Huy | ||
| 245 | |a Vẽ và thiết kế mạch in bằng eagle |c Phạm Quang Huy |b Thiết kế mạch điện tử _ eda với sự trợ giúp của máy tính | ||
| 260 | |a H. |b Thống kê |c 2002 | ||
| 300 | |a 271r. |c 28cm. | ||
| 520 | |a v.v... | ||
| 653 | |a Kỹ thuật | ||
| 653 | |a Điện tử | ||
| 653 | |a Mạch điện tử | ||
| 942 | |2 ddc |c STK0 | ||
| 999 | |c 7499 |d 7499 | ||
| 952 | |0 0 |1 0 |2 ddc |4 0 |6 621_381320000000000_PH104_QU |7 0 |8 600 |9 67884 |a qbu |b qbu |c D3 |d 2015-02-13 |g 48000 |o 621.38132 PH104 QU |p 7366.c1 |r 0000-00-00 |w 2015-02-13 |y STK0 | ||